000 00385pab a2200145 454500
008 180718b1987 xxu||||| |||| 00| 0 eng d
100 _aLeemans, Arne F.
245 _aRecent trends in the career service in European countries
260 _c1987
300 _a22-53
362 _aApr. - June
650 _aCareer Service - Europe
773 _aManagement in Government
909 _a5162
999 _c5162
_d5162